Statistiken für Mathe 8. Klasse Klausur

Klicken Sie hier um das Quiz zu spielen!

Allgemein

  • Dieses Quiz wurde 1.619 mal gespielt
  • Das Durchschnittsergebnis liegt bei 8 aus 11

Antwortstatistiken

FrageAntwort% Korrekt
An einer Tankstelle tanken pro Tag 200 Kunden durchschnittlich 50 l Benzin. Wie viel bringen die 0,9 Cent des Literpreises an einem solchen Tag?90 €
97%
In einem Betrieb arbeiten 200 Personen. Davon kommen 45% von auswärts. Wie viele Personen sind das?90
97%
Was ist x?
x + 3 = 8
5
93%
a2 + b2 = c2 ist der Satz des ________ ?Pythagoras
86%
Welcher Winkel hat 90 Grad?Rechter Winkel
86%
Vervollständige die Zahlenreihenfolge:
2 8 4 16 8 ?
32
84%
Berechne:
8 x (-3) x (-2) = ?
48
77%
Fasse diese Formel zusammen: -133y + 67y = ?-66y
77%
Bei einem Räumungsverkauf gibt ein Möbelhaus auf alle Waren 35%
Preisnachlass. Familie Staudenmaier kauft sich eine Couch für 1040€. Wie viel hat die Couch vorher gekostet?
1600 €
40%
Ein i-Phone kostet im Laden 666,40 €. Wie viel kostet das Gerät ohne die Mehrwertsteuer von 19 %?560 €
23%
Iris hat am Jahresanfang 1250€ auf ihrem Sparbuch. Der Zinssatz beträgt 3,25%. Wie viel Euro sind am Jahresende auf dem Sparbuch?1290,63 €
21%

Verteilung der Resultate

Perzentil nach korrekt beantworteten Fragen

Anzahl Personen mit jedem Resultat

Ihre Resultats-Entwicklung

Sie haben dieses Quiz noch nicht gespielt